01547cam a2200265 a 450000100090000000300090000900500170001800800410003501000170007602000180009303500250011104000230013608200200015924501510017926000700033030000200040050400420042052006530046265000290111565000230114465000160116770000220118370000370120570000390124217016713DO-SdBJH20200423172708.0111003s2011 sp b 000 0 spa  a 2011480337 a9788415271055 a(SP-BaPL)pu110009484 aDLCcDLCdDLCbspa a327.1 S456 201110aLa seguridad más allá del Estado :bactores no estatales y seguridad internacional /cJavier Jordán, Pilar Pozo y Josep Baqués (editores). aPozuelo de Alarcón, Madrid :bPlaza y Valdés Editores,c2011. a263 páginas.  aIncluye referencias bibliográficas. a Esta obra colectiva presta atención a los siguientes cuestiones: el terrorismo global, el crimen organizado transnacional, las compañías privadas de seguridad, los medios de comunicación globales, las grandes empresas de defensa, los movimientos sociales de carácter transnacional, la actuación de los grupos religiosos en la gestión y resolución de conflictos, las ONGs en escenario de conflicto y posconflicto, y la posición de las organizaciones internacionales ante los actores no estatales en materia de seguridad. Para la elaboración de cada uno de los capítulos se ha contado con especialistas en la materia abordada.  7aSeguridad internacional. 7aseguridad nacional 7aTerrorismo.1 aJordán, Javier.1 aGarcía del Pozo, Pilar,d1960-1 aBaqués Quesada, Josep.eeditores